Mathematik Quiz Deluxe - Statistiken

Allgemein
  • Dieses Quiz wurde 601 mal gespielt
    368 seit der letzten Aktualisierung
  • Das Durchschnittsergebnis liegt bei 24 aus 50
Antwortstatistiken
Hint Antwort % Korrekt
Wie lautet die Wurzel von 81? 9
98%
Wofür steht Sin Sinus
86%
Wie viele Sekunden hat eine Stunde? 3600
85%
Wofür steht Cos Kosinus
85%
Wofür steht Tan Tangens
85%
Was ist die Summe der Innenwinkel eines Dreiecks (in Grad)? 180
83%
Was ist das Ergebnis von 11*13 143
82%
Wenn ein Würfel eine Seitenlänge von 7 hat, was ist sein Volumen? 343
81%
Wessen Formel für rechtwinklige Dreiecke besagt: a2 + b2 = c2? Pythagoras
81%
Für was steht das "M" in y=mx+b? Steigung
80%
Was ist das Ergebinis von 5!? 120
79%
Was ist das Ergebnis von 2⁸? 256
77%
Welcher Mathematiker ist Namensgeber der Zahl "e"? Leonhard Euler
76%
Pi mit den ersten 5 Nachkommastellen 3,14159
75%
Wie lautet die Ableitung von e^x? e^x
75%
Wie bezeichnet man auf einem Graphen den Punkt (0,0)? Nullpunkt
67%
Wie viele Minuten hat ein Tag? 1440
65%
Was ergibt die Addition von allen natürlichen Zahlen zwischen 1 und 100? 5050
64%
Was ist die Ableitung von x³+16x²+12x+41? 3x²+32x+12
63%
Wie heißt die längste Seite in einem rechtwinkligen Dreieck? Hypotenuse
63%
Wenn n² gerade ist, was ist dann n? gerade
60%
Wie viele Stunden hat eine Woche? 168
58%
Wie nennt man eine Zahl dessen einzigen Teiler ±1 und ±p sind? Primzahl
58%
Wie lautet das Ergebnis von (6+6i)+(5+7i)? 11+13i
55%
Welchen Flächeninhalt hat ein Quadrat mit der Seitenlänge 27? 729
51%
Wie viele Stunden hat der Monat April? 720
49%
Wie viele Sekunden hat ein Tag? 86400
45%
84 im Binärsystem 1010100
44%
Welche Regel braucht man um (12x+34)⁸² abzuleiten? Kettenregel
44%
Was ist das Ergebnis von 1472 mod 1000? 472
36%
Wie heißt eine Zahl der Form: z=x+iy? komplexe Zahl
36%
Wie lautet das Ergebnis von (3+2i)*(4+3i)? 6+17i
29%
Welche Primfaktoren hat die Zahl 84? 2*2*3*7
27%
Welche Bezeichnung steht für eine 1 gefolgt von 27 Nullen? Quadrilliarde
26%
Wenn die Determinante einer Matrix ungleich 0 ist, ist die Matrix...? invertierbar
25%
e mit den ersten 5 Nachkommastellen 2,71828
22%
Was ist eine Relation mit der Eigenschaft:x~y <=> y~x ∀x,y∈M? symmetrisch
20%
Was ist eine Relation mit der Eigenschaft:x~y und y~z => x~z ∀x,y,z∈M? transitiv
18%
√2 mit den ersten 5 Nachkommastellen 1,41421
15%
Wie nennt man eine Relation die alle 3 oben genannten Eigenschaften erfüllt? Äquivalenzrelation
15%
Was ist eine Relation mit der Eigenschaft:x~x ∀x∈M? reflexiv
15%
Wie nennt man eine Funktion, wo die zweite Ableitung immer größer gleich null ist? konvex
13%
√pi mit den ersten 5 Nachkommastellen 1,77245
12%
Was ist eine Möglichkeit sin(2a) anders zu schreiben? 2sin(a)cos(a)
10%
Jede natürlich Zahl größer gleich 2 besitzt mindestens einen Primteiler
10%
Wie lautet die Formel, mit der man die obere Aufgabe lösen kann? 1/2*n(n+1)
8%
Phi mit den ersten 5 Nachkommastellen 1,61803
8%
Wie ist die Einheit für Gleitkomma-Operation (+, −, ×, ∕) pro Sekunde? Flop/s
8%
Was ist eine Möglichkeit cos(2a) anders zu schreiben? cos²(a)-sin²(a)
2%
Wie heißt eine Gleitkommazahl wenn 𝑧0 ≠ 0 ist? normalisiert
1%
Keine übereinstimmenden Quizze gefunden
Verteilung der Resultate
Anzahl Personen mit jedem Resultat
Perzentil nach korrekt beantworteten Fragen
Ihre Resultats-Entwicklung
Sie haben dieses Quiz seit der letzten Aktualisierung nicht gespielt